000 00734 a2200229 4500
001 1953
005 20260407155422.0
008 260407a2006 arg spa d
003 AR-UNSa-BCEJYS
040 _aAR-UNSa-BCEJYS
_bspa
_cAR-UNSa-BCEJYS
080 _a336.221
_xTributación
245 1 0 _aProcedimiento fiscal
_pversión 1.4
020 _a978-987-01-0519-0
250 _a1a. ed.
264 1 _aBuenos Aires :
_bErrepar
_c2006
300 _a592 p.
_c27 cm.
942 _cBK
590 _aniveau_biblio:m niveau_hierar:0
100 1 _aCeldeiro, Ernesto Carlos
700 1 _aGadea, María de los Angeles
856 4 1 _uhttps://biblioeco.unsa.edu.ar/pmb/images/libros/Procedimiento fiscal-l116036.jpg
_yImagen de portada
_qimage/jpeg
999 _c234
_d234